000 00632nam a2200157 4500
999 _c15830
_d15830
008 201215b ||||| |||| 00| 0 eng d
022 _a10422587
082 _aDPer 658.405 En86 2012 v.36 n.5
100 _aKatre, Aparna
_942666
245 _aStart-up social ventures:
_bfine-grained behaviors from two institutions for entrepreneurial success/
_cAparna Katre and Paul Salipante.
260 _aHoboken, NJ:
_bWiley Subscription Services, Inc.,
_c©2012.
300 _aV36 n5, 967-994 pages:
_billustrations;
_c25 cm.
650 _aEntrepreneurs
_xSocial ventures.
_942667
700 _aSalipante, P.
_eAuthor.
_942668
942 _2ddc
_cPER